000 00678cab a2200229 4500
001 WB3522-19
008 090401t1999 xxu||||| |||| 00| 0 eng d
035 _a(Sirsi) u93805
041 _aeng
245 _aGreenham Common goes back to nature
260 _c1999
350 _a0
490 _aIndependent
_v6 June 1999, 10(1)
520 _aGreenham Common Trust has transformed the former cruise missile base into a wildlife reserve and eco-friendly business park.
650 _aDERELICT LAND
650 _aGREENHAM COMMON
650 _aNATURE RESERVE
650 _aOPEN SPACES
690 _aENVIRONMENTAL AND LAND CONSULTANCY
942 _n0
948 _c08/06/1999
999 _c59451
_d59451